| 000 | 00714nam a2200289Ia 4500 | ||
|---|---|---|---|
| 001 | Z_1031 | ||
| 003 | CHAP | ||
| 008 | 220113s1975 xx 000 0 und d | ||
| 010 | _a164111 | ||
| 040 | _cCHAP | ||
| 082 | _a301.3 B6 | ||
| 100 |
_aBoughey, Arthur S _914743 |
||
| 245 |
_aAn introduction to human ecology and evolution man and the environment / _cby Arthur S. Boughey |
||
| 260 |
_aNew York : _bMacmillan, _c1975 |
||
| 300 |
_a576 p. : _bilus |
||
| 440 | _a | ||
| 500 | _a | ||
| 503 | _a62272 | ||
| 650 | _aEcologia humana | ||
| 650 |
_aHombre _xInfluencia del medio ambiente _956040 |
||
| 901 | _a301.3 B6 | ||
| 902 | _aA | ||
| 910 | _a1975 | ||
| 942 | _c1 | ||
| 942 | _cc1 | ||
| 999 |
_c164111 _d164111 |
||